| 000 | 01923 a2200253 4500 | ||
|---|---|---|---|
| 001 | 48110 | ||
| 005 | 20260407155747.0 | ||
| 008 | 260407a2007 arg spa d | ||
| 003 | AR-UNSa-BCEJYS | ||
| 040 |
_aAR-UNSa-BCEJYS _bspa _cAR-UNSa-BCEJYS |
||
| 080 |
_a512.64 _xAlgebra lineal y multilineal |
||
| 245 | 1 | 0 | _aÁlgebra y geometría lineal |
| 020 | _a978-84-291-5038-4 | ||
| 264 | 1 |
_aBarcelona : _bReverté _c2007 |
|
| 300 |
_a508 p. _c24 cm. |
||
| 505 | _a1. Vectores libres - 2. Espacios vectoriales - 3. Subespacios vectoriales - 4. Sistemas generadores - 5. Espacios de generación finita - 6. Aplicaciones lineales - 7. Suma directa - 8. Dimensión y codimensión de subespacios - 9. Espacios cociente - 10. Subespacios y aplicaciones afines - 11. Matrices y sus operaciones - 12. Rango de una matriz - 13. Determinantes - 14. Aplicaciones lineales en dimensión finita - 15. Sistemas lineales - 16. Dualidad - 17. Trasposición de aplicaciones lineales - 18. Cambios de bases - 19. Equivalencia y semejanza de matrices - 20. Clasificación de endomorfismos lineales. Preliminares - 21. Autovalores y autovectores de un endomorfismo lineal - 22. Triangularización y diagonalización de endomorfismos - 23. Polinomio mínimo de un endomorfismo - 24. Descomposición primaria - 25. Introducción a las formas de Jordán - 26. Endomorfismos nilpotentes - 27. El Teorema de Jordán - 28. Espacios vectoriales complejos - 29. Endomorfismos de espacios reales - 30. Espacios afines - 31. Coordenadas en espacios afines - 32. Aplicaciones afines - 33. El grupo afín. Cambio de coordenadas - 34. Simetrías, traslaciones y homotecias. | ||
| 041 | _aspa | ||
| 942 | _cBK | ||
| 590 | _aniveau_biblio:m niveau_hierar:0 | ||
| 100 | 1 | _aRíder, Alfonso | |
| 700 | 1 | _aRaya, Andrés | |
| 700 | 1 | _aRubio, Rafael | |
| 856 | 4 | 1 |
_uhttps://www.biblioeco.unsa.edu.ar/pmb/images/libros/L127853.jpg _yImagen de portada _qimage/jpeg |
| 999 |
_c4549 _d4549 |
||